Hacia una interpretación de la poesía de Joaquín Balaguer / Cándido Gerón (Registro nro. 2555)

Detalles MARC
000 -CABECERA
campo de control de longitud fija 00854nam a2200205Ia 4500
003 - IDENTIFICADOR DEL NÚMERO DE CONTROL
campo de control DO-SdBJH
005 - FECHA Y HORA DE LA ÚLTIMA TRANSACCIÓN
campo de control 20180413023717.0
008 - DATOS DE LONGITUD FIJA--INFORMACIÓN GENERAL
campo de control de longitud fija 180411s9999 dr 000 0 spa d
040 ## - FUENTE DE LA CATALOGACIÓN
Centro catalogador/agencia de origen DO-SdBJH
Lengua de catalogación spa
Centro/agencia transcriptor DO-SdBJH
041 ## - CÓDIGO DE LENGUA
Código de lengua del texto/banda sonora o título independiente spa
082 ## - NÚMERO DE LA CLASIFICACIÓN DECIMAL DEWEY
Número de clasificación RD 861.44 B171Ge
100 1# - ENTRADA PRINCIPAL--NOMBRE DE PERSONA
Autor Personal Gerón, Cándido
245 10 - MENCIÓN DE TÍTULO
Título Hacia una interpretación de la poesía de Joaquín Balaguer / Cándido Gerón
260 ## - PUBLICACIÓN, DISTRIBUCIÓN, ETC.
Lugar de publicación, distribución, etc. Santo Domingo : Editora Corripio, 1991
300 ## - DESCRIPCIÓN FÍSICA
Extensión 294 páginas
505 ## - NOTA DE CONTENIDO CON FORMATO
Nota de contenido con formato Aspectos generales en la poesía de Joaquín Balaguer 35|El intimismo en la poesía de Joaquín Balaguer 101|Lo mistico y lo erotico en la poesía de Joaquín Balaguer 115|La estirpe gloriosa 181|Selección poetica de Joaquin Balaguer 235
600 1# - PUNTO DE ACCESO ADICIONAL DE MATERIA--NOMBRE DE PERSONA
Nombre de persona Balaguer, Joaquín, 1906-2002 -- República Dominicana
942 ## - ELEMENTOS DE PUNTO DE ACCESO ADICIONAL (KOHA)
Fuente del sistema de clasificación o colocación Dewey Decimal Classification
Tipo de ítem Koha Libros
Existencias
Estado de retiro Estado de pérdida Fuente del sistema de clasificación o colocación Estado dañado No para préstamo Código de colección Localización permanente Ubicación/localización actual Ubicación en estantería Fecha de adquisición Número de inventario Total de préstamos Signatura topográfica completa Código de barras Fecha visto por última vez Número de copia Precio válido a partir de Tipo de ítem Koha
    Dewey Decimal Classification     Colección Dominicana SIBM UNADE - Biblioteca Academia Militar "Batalla de las Carreras", ERD SIBM UNADE - Biblioteca Academia Militar "Batalla de las Carreras", ERD En estantería 05/03/2018 18-AERD-03369   RD 861.44 B171Ge 18-AERD-03369 05/03/2018 Ej.1 05/03/2018 Libros
    Dewey Decimal Classification     Colección Dominicana SIBM UNADE - Biblioteca Academia Militar "Batalla de las Carreras", ERD SIBM UNADE - Biblioteca Academia Militar "Batalla de las Carreras", ERD En estantería 05/03/2018 18-AERD-03370   RD 861.44 B171Ge 18-AERD-03370 05/03/2018 Ej.2 05/03/2018 Libros
© Copyright 2016. Universidad Nacional para la Defensa.Todos los derechos reservados.

 

Designed & Maintained by: https://www.sibdweb.com.do
Sistema de Información & Bibliotecas (SIBD). Contact: pbrito2005@gmail.com